<?xml version="1.0" encoding="UTF-8"?>
<marc:record xmlns:marc="http://www.loc.gov/MARC21/slim">
   <marc:leader>00000nam a2200000 a 4500</marc:leader>
   <marc:datafield ind1="1" ind2=" " tag="100">
      <marc:subfield code="a">Eisenbarth, Pia</marc:subfield>
      <marc:subfield code="4">aut</marc:subfield>
      <marc:subfield code="e">Verfasser/-in</marc:subfield>
   </marc:datafield>
   <marc:datafield ind1=" " ind2=" " tag="653">
      <marc:subfield code="a">Zubettgehen</marc:subfield>
   </marc:datafield>
   <marc:datafield ind1=" " ind2=" " tag="653">
      <marc:subfield code="a">Bilderbuch</marc:subfield>
   </marc:datafield>
   <marc:datafield ind1="0" ind2="0" tag="245">
      <marc:subfield code="a">Jetzt gehe ich ins Bett!</marc:subfield>
   </marc:datafield>
   <marc:datafield ind1="0" ind2="0" tag="245">
      <marc:subfield code="b">ein Gutenachtbuch für die Kleinsten</marc:subfield>
   </marc:datafield>
   <marc:datafield ind1="0" ind2="0" tag="245">
      <marc:subfield code="c">Pia Eisenbarth ; Dorothee Raab</marc:subfield>
   </marc:datafield>
   <marc:datafield ind1=" " ind2="1" tag="264">
      <marc:subfield code="a">Hamburg</marc:subfield>
      <marc:subfield code="b">Oetinger</marc:subfield>
      <marc:subfield code="c">2011</marc:subfield>
   </marc:datafield>
   <marc:datafield ind1="1" ind2=" " tag="490">
      <marc:subfield code="a">Spielen &amp; fördern</marc:subfield>
   </marc:datafield>
   <marc:datafield ind1="1" ind2=" " tag="520">
      <marc:subfield code="a">Bist du noch gar nicht müde? Das Gutenachtbuch mit Anti-Stress-Garantie. Luca will nicht schlafen gehen: Erst muss er mit seinen Autos spielen und dann ein bisschen Versteck spielen und außerdem ist es noch gar nicht spät Die Gutenachtgeschichte für die Kleinsten begleitet Kinder und Eltern auf allen Stationen des manchmal gar nicht einfachen Zubettgehens vom ersten Ich bin noch nicht müde bis zum Gutenachtkuss. Mit vielen Reimen, Spielen und Gutenachtliedern sowie Tipps für ratlose Eltern, wie sie ihre nimmermüden Kindern doch noch glücklich zum Schlafengehen bringen! Perfekte Einschlaf-Tipps von Lernspiel-Autorin Dorothee Raab mit vielen Klappen und Anregungen.</marc:subfield>
   </marc:datafield>
   <marc:datafield ind1=" " ind2=" " tag="020">
      <marc:subfield code="a">9783789164606</marc:subfield>
      <marc:subfield code="9">9783789164606</marc:subfield>
   </marc:datafield>
   <marc:datafield ind1=" " ind2=" " tag="020">
      <marc:subfield code="a">3789164607</marc:subfield>
      <marc:subfield code="9">3789164607</marc:subfield>
   </marc:datafield>
</marc:record>
